| 000 | 01240cam a2200397 a 4500 | ||
|---|---|---|---|
| 001 | 6220402 | ||
| 003 | ARRUPE | ||
| 005 | 20150513131758.0 | ||
| 008 | 060705s2007 enka b 001 0 eng | ||
| 015 |
_aGBA678590 _2bnb |
||
| 016 | 7 |
_a013552557 _2Uk |
|
| 020 | _a0521860814 (hbk.) | ||
| 020 | _a052167798X (pbk.) | ||
| 020 | _a9780521860819 (hbk.) | ||
| 020 | _a9780521677981 (pbk.) | ||
| 029 | 1 |
_aYDXCP _b2429301 |
|
| 029 | 1 |
_aYDXCP _b2429302 |
|
| 035 | _a(OCoLC)ocm71347550 | ||
| 035 | _a013552557 | ||
| 035 | _a(OCoLC)71347550 | ||
| 035 | _a(NNC)6220402 | ||
| 040 |
_aUKM _cUKM _dBAKER _dBWKUK _dYDXCP _dBTCTA |
||
| 050 | 4 |
_aBD591 _b.C25 2007 |
|
| 082 | 0 | 4 |
_a122 _222 |
| 100 | 1 |
_aCartwright, Nancy. _94653 |
|
| 245 | 1 | 0 |
_aHunting causes and using them : _bapproaches in philosophy and economics / _cNancy Cartwright. |
| 260 |
_aCambridge, UK ; _aNew York : _bCambridge University Press, _c2007. |
||
| 300 |
_ax, 270 p. : _bill. ; _c24 cm. |
||
| 504 | _aIncludes bibliographical references (p. 262-267) and index. | ||
| 650 | 0 |
_aCausation. _917778 |
|
| 650 | 0 |
_aScience _xPhilosophy. _917779 |
|
| 650 | 0 |
_aEconomics _xPhilosophy. _917780 |
|
| 942 |
_2lcc _cMONOGRAPH |
||
| 948 | 1 |
_a20070628 _bc _cdc21 _dMPS |
|
| 999 |
_c122830 _d122830 |
||